header

The shock of the other (Record no. 206831)

MARC details
000 -LEADER
fixed length control field 01269nam a2200325Ia 4500
245 04 - TITLE STATEMENT
Title The shock of the other
260 ## - PUBLICATION, DISTRIBUTION, ETC. (IMPRINT)
Place of publication Amsterdam :
Name of publisher Rodopi,
Year of publication c2007.
300 ## - PHYSICAL DESCRIPTION
Number of Pages 190 p. :
Other physical details ill.
490 1# - SERIES STATEMENT
Series statement Thamyris intersecting ;
650 #0 - SUBJECT ADDED ENTRY--TOPICAL TERM
Topical Term Other (Philosophy)
Topical Term Representation (Philosophy)
700 1# - ADDED ENTRY--PERSONAL NAME
Personal name Horstkotte, Silke.
Personal name Peeren, Esther.
856 40 - ELECTRONIC LOCATION AND ACCESS
Uniform Resource Identifier http://site.ebrary.com/lib/rucke/Doc?id=10380590

No items available.

© 2026 Rongo University
Contact us: librarian | system librarian | Rongo university